000 00355nam a2200133Ia 4500
008 240624s9999 xx 000 0 und d
041 _aeng
082 _a920 PIS
100 _aPISTONO MATTEO
245 _aIN THE SHADOW OF THE BUDDHA SECRET JOURNEYS AND SPIRITUA
260 _c2011
_bHay House India
300 _ax, : 272 : p. : cm. ; 22
365 _cRS
999 _c19140
_d19140